Quantitative Modelle für das Strategische Management Strukturierungspotential und konkrete Verwendungsideen, aufgezeigt anhand ausgewählter Probleme der Gesundheitswirtschaft

Saved in:
Bibliographic Details
Main Author: Heidenberger, Kurt
Format: Book
Language:German
Published: Berlin Springer 1990
Edition:1. Aufl.
Tags: Add Tag
No Tags, Be the first to tag this record!

MARC

LEADER 00000nam a2200000 4500
001 c028803
005 20221215124812.1
041 0 |a ger 
044 |a DE 
245 1 0 |a Quantitative Modelle für das Strategische Management  |b Strukturierungspotential und konkrete Verwendungsideen, aufgezeigt anhand ausgewählter Probleme der Gesundheitswirtschaft  |c Kurt Heidenberger 
250 |a 1. Aufl. 
264 1 |a Berlin  |b Springer  |c 1990 
300 |a 332 s. 
100 1 |a Heidenberger, Kurt